00761nam a22002057a 450000500170000001000150001702000260003203500140005803700090007208200110008110000230009224500720011525000060018726000410019327001060023430000200034094200220036099900190038295201540040120260212130732.0 aENG-147814 a9789391766559c450.00 aEN-131346 bDBAD a92121 aSamar Singh987349 aRaja Rammohun Roy:bThe Pioneer of Indian Renaissance/cSamar Singh a1 aNew DelhibAtharv Publicationsc2025 bNew Delhia110, Ist Floor, Gali No. 4, Harphool Vihar, Bapraulae110043matharvpublications@gmail.com a120p.c22cm(hb) 2ddccENh921mSAM c214843d214843 001040708NFICaBL1bBL1d2026-02-12eDelivery of Books Act Divisiong450.00l0o921 SAMpEN-131346r2026-02-12 00:00:00t1v450.00w2026-02-12yEN